The Battle for China's Past (Record no. 577767)

MARC details
000 -LEADER
fixed length control field 00507nam a2200169Ia 4500
008 - FIXED-LENGTH DATA ELEMENTS--GENERAL INFORMATION
fixed length control field 250728s9999 xx 000 0 und d
020 ## - INTERNATIONAL STANDARD BOOK NUMBER
ISBN 9780745327815
082 ## - DEWEY DECIMAL CLASSIFICATION NUMBER
Classification number 951.056
Item number GAO
100 ## - MAIN ENTRY--AUTHOR NAME
Personal name Gao, Mobo
245 #4 - TITLE STATEMENT
Title The Battle for China's Past
260 ## - PUBLICATION, DISTRIBUTION, ETC. (IMPRINT)
Name of publisher Pluto Press (UK)
Year of publication 2008
300 ## - PHYSICAL DESCRIPTION
Number of Pages 292 pages
500 ## - GENERAL NOTE
General note A controversial polemic countering modern revisionist narratives demonising the Mao regime.
650 ## - SUBJECT ADDED ENTRY--TOPICAL TERM
Topical Term Biography & Autobiography
942 ## - ADDED ENTRY ELEMENTS (KOHA)
Koha item type English Books
Holdings
Withdrawn status Lost status Damaged status Not for loan Home library Current library Shelving location Date acquired Full call number Accession Number Price effective from Koha item type
        Anna Centenary Library Anna Centenary Library 7TH FLOOR, B WING 28.07.2025 951.056 GAO 136602 28.07.2025 English Books

Find us on the map